书目信息 |
| 题名: |
土地登记相关法律知识
|
|
| 作者: | 龙翼飞 主编 | |
| 分册: | ||
| 出版信息: | 北京 中国农业出版社 2008.09 |
|
| 页数: | 526页 | |
| 开本: | 20cm | |
| 丛书名: | ||
| 单 册: | ||
| 中图分类: | D922.3 | |
| 科图分类: | ||
| 主题词: | 法律--中国 | |
| 电子资源: | ||
| ISBN: | 7-109-12959-4 | |
| 000 | 00570nam0 2200193 450 | |
| 001 | 1659366599 | |
| 005 | 20161024163103.82 | |
| 010 | @a7-109-12959-4@dCNY 45.20 | |
| 100 | @a20161024d2008 km y0chiy0120 ea | |
| 101 | 0 | @achi |
| 102 | @aCN@b110000 | |
| 200 | 1 | @a土地登记相关法律知识@Atu di deng ji xiang guan fa lu zhi shi@f龙翼飞主编@Flong yi fei zhu bian |
| 210 | @a北京@c中国农业出版社@d2008.09 | |
| 215 | @a526页@d20cm | |
| 606 | 0 | @a法律@x中国 |
| 690 | @aD922.3@v4 | |
| 701 | 0 | @a龙翼飞@Along yi fei@4主编 |
| 801 | 0 | @aCN@bMUSE@c20161024 |
| 905 | @aMUSE@dD922.3@eL766 | |
| 土地登记相关法律知识/龙翼飞主编.-北京:中国农业出版社,2008.09 |
| 526页;20cm |
| ISBN 7-109-12959-4:CNY 45.20 |
| ● |
| 相关链接 |
|
|
|
正题名:土地登记相关法律知识
索取号:D922.3/L766
 
预约/预借
| 序号 | 登录号 | 条形码 | 馆藏地/架位号 | 状态 | 备注 |
| 1 | 1238842 | 212388423 | 测绘与城市空间信息学院资料室/ [索取号:D922.3/L766] | 在馆 |